000 00337nam a2200133Ia 4500
005 20251222144913.0
008 251222s9999||||xx |||||||||||||| ||spa||
020 _a84-8138-550-4
082 _a378.125/S27
100 _aSaz Díaz, José María
245 0 _aUniversidad...¿Para qué?
264 _bUniversidad de Alcalá
942 _cLIB
999 _c22417
_d22417